00539 2200205 4500001002100000005001700021020001800038035002500056040001200081082001400093084001400107100002200121245004600143250001700189260004100206300003800247650003000285990000900315990000900324INLIS00000000000967020150216110801.0 a979-421-160-5 a0010-011500000002443 aJIPUBAY042[21]a634 a634 HAS d aHasan Basri Jumin aDasar-Dasar Agronomic/ Hasan Basri Jumin aEd.Rev.Cet.6 aJakartabRaja Grafindo Persadac2008 aXIII, 250 hlm.b; ilus.c; 21 cm. aPertanian - Aspek Ekonomi a4324 a4322